Instituciones de responsabilidad civil.

Salvato in:
Dettagli Bibliografici
Autore principale: Santos Ballesteros, Jorge (autor)
Natura: Libro
Pubblicazione: Santafé de Bogotá, Colombia: Pontificia Universidad Javeriana, Facultad de Ciencias Jurídicas, 1996.
Edizione:1a. edición
Serie:Colección Profesores,
Soggetti:
Tags: Aggiungi Tag
Nessun Tag, puoi essere il primo ad aggiungerne!!

MARC

LEADER 00000nam a22000007a 4500
003 CL-VaPUC
005 20220822114558.0
008 220708t1996 ||||| |||| 00| 0 eng d
999 |c 436854  |d 436852 
020 |a 958-9176-34-8 (obra) 
020 |a 958-9176-98-4 (tomo I) 
040 |c Pontificia Universidad Católica de Valparaíso 
082 7 |a 346.02 SAN 1996  |2 22 
100 1 |a Santos Ballesteros, Jorge   |e autor  |9 872506 
245 |a Instituciones de responsabilidad civil. 
250 |a 1a. edición 
260 |a Santafé de Bogotá, Colombia:  |b Pontificia Universidad Javeriana, Facultad de Ciencias Jurídicas,   |c 1996. 
300 |a Tomo I; 209 páginas. 
490 |a Colección Profesores,  |n  21. 
500 |a c.1 Donación Familia Prof. Alejandro Guzmán Brito. 
583 |c 20220708  |k Catalogador Asistente 
650 |a Responsabilidad civil   |9 872610 
650 |a Obligaciones   |x Derecho   |9 871288 
650 |a Derecho civil  |9 255013 
942 |2 ddc  |c BK  |n 0 
952 |0 0  |1 0  |2 ddc  |4 0  |6 346_020000000000000_SAN_1996  |7 0  |8 C_AGB  |9 584583  |a BIBDER  |b BIBDER  |d 2022-07-08  |e Donación  |h t.I  |i 5652734  |o 346.02 SAN 1996  |p 5652734  |r 2023-01-25  |t 1  |w 2022-07-08  |y BK_US  |k AGB